000 00661nam a22002177a 4500
003 OSt
005 20140310182213.0
008 130906t xxu||||| |||| 00| 0 eng d
020 _a1859679129
050 _aTX 769
_b.In54 1999
082 _aHS 641.8
_bIn4 1999
100 _aIngram, Christine
_916862
245 _aThe world encyclopedia of bread and bread making /
_cChristine Ingram /
260 _aLondon :
_bLorenz Books,
_cc1999.
300 _a256 p. :
_bcol. ill. ;
_c30 cm.
650 _aBread.
_916453
650 _aBread
_xencyclopedias, hardbooks, manuals,
_916863
650 _aShapter, Jennie
_916864
942 _2lcc
_cHS
999 _c10518
_d10518